[Event "Madrid-ch Seniors 50"]
[Site "Madrid"]
[Date "2022.04.01"]
[Round "5"]
[White "Herrero Reques, Sergio"]
[Black "Marcos Herrero, Francisco"]
[Result "1/2-1/2"]
[WhiteElo "2029"]
[BlackElo "1897"]
[PlyCount "117"]
[EventDate "2022.03.28"]
[EventType "swiss"]
[EventRounds "9"]
[EventCountry "ESP"]
[SourceTitle "EXT 2023"]
[Source "ChessBase"]
[SourceDate "2022.10.05"]
[SourceVersion "1"]
[SourceVersionDate "2022.10.05"]
[SourceQuality "1"]

1. d4 Nf6 2. c4 e6 3. Nf3 d5 4. g3 g6 5. Bg2 Bg7 6. 0-0 0-0 7. Nc3 Nc6 8. cxd5 exd5 9. Bf4 a6 10. Ne5 Ne7 11. a4 c6 12. b4 Nh5 13. Be3 f5 14. f4 Nf6 15. b5 axb5 16. axb5 Rxa1 17. Qxa1 Ne4 18. bxc6 Nxc6 19. Rb1 Na5 20. Rb5 b6 21. Nxd5 Ba6 22. Rxb6 Qxd5 23. Rxa6 Nc4 24. Nxc4 Qxc4 25. Bxe4 fxe4 26. Qa2 Qxa2 27. Rxa2 Rd8 28. Kg2 Bxd4 29. Rd2 Bb6 30. Rxd8+ Bxd8 31. Kh3 Kf7 32. Kg4 Ke6 33. Ba7 h5+ 34. Kh3 Kf5 35. Be3 Be7 36. Kg2 Bb4 37. h3 Ba5 38. Kf2 Bb4 39. Bc1 Ba5 40. Be3 Bb4 41. Ba7 Bd2 42. e3 Bb4 43. Ke2 Ba5 44. Kd1 Bb4 45. Bd4 Ba5 46. Bb2 Bb6 47. Bc1 Bc7 48. Kc2 g5 49. Bd2 g4 50. h4 Bb6 51. Kb3 Bd8 52. Be1 Bb6 53. Bd2 Bd8 54. Kc4 Bf6 55. Kd5 Bb2 56. Kd6 Ba3+ 57. Kd7 Bc5 58. Ke8 Ke6 59. Kd8 1/2-1/2